000 00594nam a2200205 u 4500
005 20241003063712.0
008 150803s1992 r 000 0 eng d
020 _a8423406237
035 _aUPN01000204726
049 _aCG
050 4 _aBF637 C4.5
_bS7.2
100 1 _aStrayhorn, Joseph M.
_937890
245 1 0 _aCómo dialogar de forma constructiva /
_cJoseph M. Strayhorn.
260 _aMadrid :
_bDeusto,
_c1992.
300 _a154 p.
440 0 _aBiblioteca Deusto de desarrollo personal
650 4 _aComunicación interpersonal
_96549
650 2 _aDiálogo
_99719
905 _aLibro
999 _c176827
_d176827